000 00623cab a22001935a 4500
001 L157288
008 121010e20120203xxkd f 000 0 eng d
035 _a(Sirsi) u157288
041 0 _aeng
100 1 _aWithers, Iain
245 0 0 _aJust a glitch?
260 _c2012
490 0 _aBuilding
_v277 (8747) 5 October 2012, 20-21(2)
520 _aDiscusses problems with BIM - the high cost is preventing small firms from adopting BIM, the monopoly of software giant Autodesk, and the difficulties of getting supply chains to use it.
590 _aKA
651 4 _aUnited Kingdom
_y
690 _aBIM
_96219
942 _n0
999 _c84318
_d84318